000 00643nam a2200205Ia 4500
003 GCL
008 140319s9999 xx 000 0 ara d
040 _aGCL /
_cGCL
082 0 4 _a243
_bع ا
100 1 _aعبدالملك على الكليب
245 1 0 _aاهوال القيامة: كما صورها الكتاب والسنة /
_cعبدالملك على الكليب
260 _a[S.N] :
_bمكتبة التراث الاسلامى ،
_c1989
300 _a191 ص
490 _a
650 0 4 _aالثواب والعقاب
650 0 4 _aالجنة
650 0 4 _aالتنجيم
650 0 4 _aالقيامة، يوم
942 _2ddc
_cBK
999 _c53998
_d53998